00972 2200349 4500001002100000005001500021007000300036008004100039020002200080035002000102040001600122041000800138082000800146084001400154090002400168100002600192245006800218250001200286264003700298300003400335336002100369337003000390338002300420500005400443650001200497700003900509850001000548990001600558990001600574990001600590990001600606INLIS00000000000758920260602085803ta260602 0  a978-979-010-558-4 a0010-0922000078 aSBUPADbind07aind a635 a635 ZUL d a635.615 RAH b L19-70 aZulkarnainePengarang1 aDasar-Dasar Hortikultura /cZulkarnain, Editor, Rini Rachmatika a.-Cet.3 a.--Jakarta :bBumi Aksara,c2014 axii, 336hlm :billus ;c23 cm 2rdacontentateks 2rdamediaatanpa perantara 2rdacarrieravolume aTentang penulis, hlm 335-336; Indeks, hlm 307-334 4aTanaman0 aEditor, Rini RachmatikaePengarang aPUPAD a14589/Br-14 a14590/Br-14 a14591/Br-14 a14592/Br-14